Komunitárna úprava hospodárskej súťaže v oblasti vertikálnych dohôd
Príspevok sa zaoberá právnou úpravou vertikálnych dohôd v súťažnom práve EÚ vo vzťahu k nariadeniu Komisie (EÚ) č. 330/2010 o uplatňovaní článku 101 ods. 3 Zmluvy o fungovaní európskej únie na kategórie vertikálnych dohôd a zosúladených postupov, ktoré nadobudlo účinnosť 1.6.2010.
Gespeichert in:
| 1. Verfasser: | |
|---|---|
| Format: | Buchkapitel |
| Sprache: | Slowakisch |
| Schlagworte: | |
| Tags: |
Keine Tags, Fügen Sie das erste Tag hinzu!
|
MARC
| LEADER | 00000nla$a2200000$$$4500 | ||
|---|---|---|---|
| 001 | 0120620 | ||
| 005 | 20240502072347.8 | ||
| 041 | 0 | |a slo | |
| 044 | |a SK | ||
| 245 | 1 | 0 | |a Komunitárna úprava hospodárskej súťaže v oblasti vertikálnych dohôd |c Milan Borodovčák |
| 520 | |a Príspevok sa zaoberá právnou úpravou vertikálnych dohôd v súťažnom práve EÚ vo vzťahu k nariadeniu Komisie (EÚ) č. 330/2010 o uplatňovaní článku 101 ods. 3 Zmluvy o fungovaní európskej únie na kategórie vertikálnych dohôd a zosúladených postupov, ktoré nadobudlo účinnosť 1.6.2010. | ||
| 610 | 2 | 0 | |a súťaž hospodárska |
| 610 | 2 | 0 | |a dohody obchodné |
| 610 | 2 | 0 | |a obchod elektronický |
| 610 | 2 | 0 | |a Európska únia |
| 100 | 1 | |a Borodovčák, Milan | |